Statistics for Dutch Province Flags

Click here to take the quiz!

General Stats

  • This quiz has been taken 39 times
  • The average score is 10 of 12

Answer Stats

Answer% Correct
Friesland
97%
North Holland
97%
South Holland
97%
Groningen
93%
Utrecht
93%
Flevoland
86%
Limburg
86%
Overijssel
83%
Zeeland
83%
Drenthe
76%
Gelderland
76%
North Brabant
76%

Score Distribution

Percentile by Number Answered

Percent of People with Each Score

Your Score History

You have not taken this quiz